| 000 | 00407nam a2200169Ia 4500 | ||
|---|---|---|---|
| 005 | 20140405093334.0 | ||
| 008 | 140130s9999 xx 000 0 und d | ||
| 050 |
_aPZ 8.3 _b.Ay95Ol 1993 |
||
| 245 |
_cAylessworth, Jim _aOld black fly |
||
| 260 |
_bScholastic, _c1992 |
||
| 300 |
_a30 p. : _bcol. ill. ; _c24 cm. |
||
| 440 | _v1 | ||
| 521 | _aG2 | ||
| 526 | _c400 | ||
| 942 |
_cBK _2lcc |
||
| 999 |
_c40250 _d40250 |
||